The Antinoopolis papyri.

محفوظ في:

مؤلفون آخرون: Roberts, Colin H. 1909-1990 (المحرر, المترجم), Barns, John W. B. (المحرر, المترجم), Zilliacus, Henrik, 1908-1992 (المحرر, المترجم)

التنسيق: كتاب

اللغة: English
Ancient Greek
Latin

منشور في: London : Egypt Exploration Society, 1950 [i.e. 1951]-67.

سلاسل: Graeco-Roman memoirs ; v. 28, etc.

الموضوعات:

الوسوم: إضافة وسم

لا توجد وسوم, كن أول من يضع وسما على هذه التسجيلة!

رقم الطلب: PA3331 .A65 v.1-3

LEADER 01406cam a22003731 4500
001 8843291
003 OSt
005 20240225105932.0
008 750227m19501967enkh 000 0 eng
999 |c 57111  |d 57111 
010 |a  52017026  
035 |a (OCoLC)1191310 
040 |c ARCE Library 
041 0 |a eng  |a grc  |a lat 
043 |a f-ua--- 
050 4 |a PA3331 .A65 v.1-3 
245 0 4 |a The Antinoopolis papyri. 
260 |a London :   |b Egypt Exploration Society,   |c 1950 [i.e. 1951]-67. 
300 |a 3 v. :   |b facsims. ;   |c 27 cm. 
336 |2 rdacontent  |a text  |b txt 
337 |2 rdamedia  |a unmediated  |b n 
338 |2 rdacarrier  |a volume  |b n 
490 1 |a Graeco-Roman memoirs,  |v [28], 37, 47 
500 |a Additional text on slip inserted in v. 1. 
500 |a Vol. 1, edited with translations and notes by C. H. Roberts. Vol. 2-3 edited with translations and notes by J. W. B. Barns and H. Zilliacus. 
650 0 |a Manuscripts, Greek (Papyri)  |z Egypt  |z Antinoöpolis (Extinct city) 
650 0 |a Manuscripts, Latin (Papyri) 
651 0 |a Antinoöpolis (Extinct city) 
700 1 |a Roberts, Colin H.  |q (Colin Henderson),  |d 1909-1990,  |e editor,  |e translator. 
700 1 |a Barns, John W. B.  |q (John Wintour Baldwin),  |e editor,  |e translator. 
700 1 |a Zilliacus, Henrik,  |d 1908-1992,  |e editor,  |e translator. 
830 0 |a Graeco-Roman memoirs ;  |v v. 28, etc. 
901 |a reviewed 
942 |2 lcc  |c BK